Cấu trúc dữ liệu : Giải thuật, Chương trình /
Nội dung cuốn sách này bao gồm 4 phần; Các cấu trúc dữ liệu cơ sở; Sắp xếp; Các thuật giải đệ quy; Các cấu trúc thông tin động.
Guardado en:
| Autor principal: | |
|---|---|
| Otros Autores: | |
| Formato: | Libro |
| Lenguaje: | Vietnamese |
| Publicado: |
Hà Nội :
Giáo dục,
1999.
|
| Materias: | |
| Etiquetas: |
Agregar Etiqueta
Sin Etiquetas, Sea el primero en etiquetar este registro!
|
| Thư viện lưu trữ: | Mạng thư viện Đại học Đà Nẵng |
|---|
| LEADER | 01227cam a2200397 i 4500 | ||
|---|---|---|---|
| 001 | 000043036 | ||
| 003 | 911 | ||
| 005 | 20030916092431.0 | ||
| 008 | 010217b1999 vm 000 vie | ||
| 020 | |c 26000 | ||
| 040 | |a IRC |c IRC |d IRC | ||
| 041 | 0 | |a vie | |
| 082 | 1 | 4 | |a 005.73 |b NG-C |
| 100 | 1 | |a Nguyễn Quốc Cường. | |
| 245 | 0 | 0 | |a Cấu trúc dữ liệu : |b Giải thuật, Chương trình / |c Nguyễn Quốc Cường, Hoàng Đức Hải. |
| 260 | |a Hà Nội : |b Giáo dục, |c 1999. | ||
| 300 | |a 327tr. ; |c 19cm. | ||
| 520 | 3 | |a Nội dung cuốn sách này bao gồm 4 phần; Các cấu trúc dữ liệu cơ sở; Sắp xếp; Các thuật giải đệ quy; Các cấu trúc thông tin động. | |
| 630 | 0 | 4 | |a Tin học. |
| 630 | 0 | 4 | |a Computer. |
| 630 | 0 | 4 | |a Cấu trúc dữ liệu. |
| 630 | 0 | 4 | |a Giải thuật. |
| 630 | 0 | 4 | |a Chương trình. |
| 650 | 0 | 4 | |a Cấu trúc dữ liệu (Tin học) |
| 650 | 0 | 4 | |a Giải thuật. |
| 700 | 1 | |a Hoàng Đức Hải. | |
| OWN | |a DUT | ||
| 999 | |a From the UDN01 | ||
| TYP | |a Monograph | ||
| TYP | |a Printed language | ||
| 980 | |a Mạng thư viện Đại học Đà Nẵng | ||